Aniversariante do mês [Banner] (Record no. 119702)

MARC details
000 -LÍDER
campo de controle de tamanho fixo 00255 a2200109 4500
001 - NÚMERO DE CONTROLE
campo de controle 119702
040 ## - FONTE DA CATALOGAÇÃO
Instituição que transcreveu o registro Escola Canadense de Niteroi
245 10 - TÍTULO
Título Aniversariante do mês [Banner]
650 #4 - ASSUNTO--TERMO TÓPICO
Cabeçalho tópico ou nome geográfico Aniversariante
650 #4 - ASSUNTO--TERMO TÓPICO
Cabeçalho tópico ou nome geográfico Língua Portuguesa
942 ## - ELEMENTOS DE ENTRADA ADICIONADOS (KOHA)
Tipo de material Koha Materiais pedagógicos
Holdings
Situação do descarte Situação das perdas Situação física Não pode ser emprestado Biblioteca de origem Biblioteca atual Data de aquisição Total de empréstimos Código de barras Data de último acesso Data do preço efetivo Tipo de material Koha
        Canadian School of Niterói - Piratininga Canadian School of Niterói - Piratininga 09/02/2024   A21390 09/02/2024 09/02/2024 Materiais pedagógicos